The bourne betrayal / (Record no. 25406)
[ view plain ]
| 000 -LEADER | |
|---|---|
| fixed length control field | 01578nam a22002657a 4500 |
| 008 - FIXED-LENGTH DATA ELEMENTS--GENERAL INFORMATION | |
| fixed length control field | 090225t xxu||||| |||| 00| 0 eng d |
| 010 ## - LCCN (DPL NO) | |
| LC control number | B-278924-927 |
| 020 ## - INTERNATIONAL STANDARD BOOK NUMBER | |
| International Standard Book Number | 9780752882130 |
| Terms of availability | £ 3.00 (263.40) |
| 035 ## - SYSTEM CONTROL NUMBER | |
| System control number | B-278924-927 |
| 037 ## - SOURCE OF ACQUISITION | |
| Source of stock number/acquisition | Super Book |
| 040 ## - CATALOGING SOURCE | |
| Original cataloging agency | dpl |
| Language of cataloging | English |
| 082 ## - DEWEY DECIMAL CLASSIFICATION NUMBER | |
| Classification number | N |
| 100 ## - MAIN ENTRY--PERSONAL NAME | |
| Personal name | Lustbader, Eric Van |
| 245 ## - TITLE STATEMENT | |
| Title | The bourne betrayal / |
| Statement of responsibility, etc | by Eric Van Lustbader |
| 260 ## - PUBLICATION, DISTRIBUTION, ETC. (IMPRINT) | |
| Place of publication, distribution, etc | London |
| Name of publisher, distributor, etc | Orion Books |
| Date of publication, distribution, etc | 2007 |
| 270 ## - ADDRESS | |
| Address | Orion House, 5 Upper St. Martin's Lane |
| City | London |
| Postal code | WC2H9 EA |
| 300 ## - PHYSICAL DESCRIPTION | |
| Extent | 486p. |
| Dimensions | 20cm (pbk) |
| 942 ## - ADDED ENTRY ELEMENTS (KOHA) | |
| Source of classification or shelving scheme | Dewey Decimal Classification |
| Item type | English Books |
| Call number suffix | LUS |
| Classification part | N |
| Withdrawn status | Lost status | Source of classification or shelving scheme | Damaged status | Not for loan | Collection code | Home library | Current library | Date acquired | Source of acquisition | Cost, normal purchase price | Total Checkouts | Full call number | Barcode | Date last seen | Copy number | Cost, replacement price | Koha item type | Public note |
|---|---|---|---|---|---|---|---|---|---|---|---|---|---|---|---|---|---|---|
| Dewey Decimal Classification | Fiction | Central Library | Central Library | 19/03/2009 | Super Books/44379/18.6.08/94/117.08 | 0.00 | N LUS | B-278924 | 19/03/2009 | 1 | 0.00 | English Books | ||||||
| Written off | Dewey Decimal Classification | Fiction | Karol Bagh | Karol Bagh | 19/03/2009 | Super Books/44379/18.6.08/94/117.08 | 0.00 | N LUS | B-278927 | 19/03/2009 | 1 | 0.00 | English Books | Written off on approval by DLB (By Circulation); dtd 15-06-2023 | ||||
| Dewey Decimal Classification | Fiction | Patel Nagar | Patel Nagar | 19/03/2009 | Super Books/44379/18.6.08/94/117.08 | 0.00 | N LUS | B-278925 | 19/03/2009 | 1 | 0.00 | English Books | ||||||
| Dewey Decimal Classification | Fiction | Sarojini Nagar | Sarojini Nagar | 19/03/2009 | Super Books/44379/18.6.08/94/117.08 | 0.00 | N LUS | B-278926 | 19/03/2009 | 1 | 0.00 | English Books | Withdrwan List Prepared List No. 93/23 | |||||
| Dewey Decimal Classification | Fiction | Vinoba Puri | Vinoba Puri | 13/04/2009 | Super Book/44930/30.7.08/170/21.7.08/13.8.08 | 0.00 | 11 | N LUS | B-284193 | 20/07/2013 | 1 | 0.00 | English Books |
